Général français : François Athanase Charette de La Contrie - Statistiques

Statistiques générales
  • Ce quiz a été pris 11 fois
  • Le résultat moyen est 9 sur 16
Statistiques - réponses
Questions Réponses % Correct
Ancienne province du Languedoc, jadis terrifiée par une bête féroce et mystérieuse au XVIIIe siècle, province d'où est originaire Marie-Anne de La Garde de Montjeu, mère de Charette. Le Gévaudan
100%
Territoire de la province du Poitou du nom de la rivière qui la traverse, territoire devenu ensuite un département. Sous la Ière république, les paysans de ce territoire s'insurgèrent et vinrent chercher Charette pour les diriger. La Vendée
91%
Pays qui prit son indépendance au cours d'une guerre à laquelle Charette prit part. Les États-Unis d'Amérique
91%
Parc d'attraction dont la filiale, société de production, a produit le film précédent. Le Puy du Fou
82%
Roi enfant décédé à l'âge de dix ans à la Prison du Temple où les Révolutionnaires l'avaient isolé jusqu'à la mort. L'annonce de son décès décida Charette à rompre la trêve induite par le traité précédent (réponse #9). Louis XVII
82%
Ville où Charette fut fusillé le 29 mars 1796. Nantes
82%
Pays d'origine de William Bulkeley, sous lieutenant au régiment de Walsh, issu d'une famille passée au service de la France. Avec son épouse Céleste, il fut accueilli par Charette dans son fief de Legé. Il sera guillotiné à Angers, en 1794. Irlandaise
73%
Province d'où provient la famille Charette de La Contrie, les ascendants paternels de François-Athanase. La Bretagne
73%
Film biographique retraçant l'œuvre de Charette, film réalisé par Paul Mignot et Vincent Mottez, sorti en 2023. Vaincre ou mourir
64%
Terme qui désigne les pirates et corsaires musulmans qui capturèrent jadis des milliers de navires chrétiens et réduisirent les chrétiens en esclavage comme saint Vincent de Paul, par exemple. Ils furent caricaturés par Gérard Oury dans "La Folie des grandeurs". Charette combattit l'un d'entre eux à Alger en 1788 à bord de la corvette "La Belette". Les barbaresques
36%
Archipel proche de la Guadeloupe qui fut le théâtre d'une bataille navale à laquelle Charette prit part en 1782 et qui s'est soldée par un désastre côté français. Les îles des Saintes
36%
Île sur laquelle Charette mena deux batailles, une défaite (30 septembre 1793) et une victoire (12 octobre 1793). Noirmoutier
36%
Général royaliste qui rejeta le traité précédent. Jean-Nicolas Stofflet
18%
Port situé sur la Côte de Jade qui fut le théâtre de deux batailles entre Républicains et Royalistes, les 23 et 27 mars 1793. Charette, fort de 4 000 paysans, prit le contrôle de la ville après la seconde bataille. Pornic
18%
Accord de paix signé le 17 février 1795 au manoir qui porte son nom, entre Républicains et insurgés, accord accepté par Charette : le Traité de La ______. Jaunaye
9%
Général républicain lorrain envoyé à la poursuite de Charette qui reprit l'île précédente en 1794. Il est connu pour avoir combattu Charette à la loyale, sans jamais avoir pris part aux "colonnes infernales" criminelles du général Turreau. À sa mort, Charette dira : "Quel dommage d'avoir tué un si brave homme !" Nicolas Haxo
9%
Aucun quiz correspondant
Distribution des résultats
% des personnes avec chaque résultat
Percentile par nombre de réponses
Votre historique - résultats
Vous n’avez pas pris ce quiz